Hodnotenie a revízia projektového manažmentu v podniku diplomová práca

Na minha lista:
Detalhes bibliográficos
Autor principal: Bystrianský, Martin
Autor Corporativo: Podnikovohospodárska fakulta EU so sídlom v Košiciach. Katedra manažmentu
Outros Autores: Demjanová, Lucia, 1981-
Formato: Livro
Idioma:eslovaco
Publicado em: Košice 2012
Tags: Adicionar Tag
Sem tags, seja o primeiro a adicionar uma tag!

MARC

LEADER 00000nbm a2200000 4500
001 0153127
005 20161109102050.1
041 0 |a slo 
044 |a SK 
245 1 0 |a Hodnotenie a revízia projektového manažmentu v podniku  |b diplomová práca  |c Martin Bystriansky ; školiteľ: Lucia Demjanová 
264 1 |a Košice  |c 2012 
300 |a 88 s. 
100 1 |a Bystrianský, Martin 
700 1 |a Demjanová, Lucia, 1981- 
710 2 |a Podnikovohospodárska fakulta EU so sídlom v Košiciach. Katedra manažmentu